000
00309nam a22001337a 4500
008
260211b ||||| |||| 00| 0 eng d
020
_a
9788858341216
041
_a
ital
080
_a
0.3
100
_a
20
101
_a
ital
245
_a
IL Celi 3
_c
Daniela Alessandroni, Roberta Rondoni
942
_2
lcc
_c
BK
999
_c
60780
_d
60780